000 00389nam a2200133Ia 4500
008 211109s9999||||xx |||||||||||||| ||und||
082 _a894.8123
_bVIJ-V
100 _aO V Vijayan,
245 0 _aVijayante Kadhakal
260 _bCurrent Books
_aTrichur
_c1900
630 _xGENERAL STACK
650 _aMalayalam literature
_vMalayalam fiction
_xLiterature & rhetoricGeneralia
942 _cBOOK
999 _c44732
_d44732